[Event "Copa Latinoamericana de Ajedrez 2011"]
[Site "Montevideo URU"]
[Date "2011.11.05"]
[Round "7.55"]
[White "Mafra Kaiser, Luiz"]
[Black "Ruggiero, Alvaro"]
[Result "1-0"]
[WhiteElo "2150"]
[BlackElo "1967"]
[PlyCount "103"]
[EventDate "2011.11.01"]
[EventType "swiss"]
[EventRounds "9"]
[EventCountry "URU"]
[Source "lmi"]
[SourceDate "2011.11.01"]

1. e4 c6 2. d4 d5 3. Nc3 dxe4 4. Nxe4 Bf5 5. Ng3 Bg6 6. Nf3 Nd7 7. h4 h6 8. h5
Bh7 9. Bd3 Bxd3 10. Qxd3 Ngf6 11. Bd2 e6 12. Kf1 Bd6 13. Rh4 Qc7 14. Re1 O-O-O
15. b4 Be7 16. Qa3 b6 17. Bf4 Qb7 18. Nf5 Bxb4 19. Nd6+ Bxd6 20. Bxd6 Nd5 21.
c4 Nc7 22. Rf4 f6 23. Rg4 Rhg8 24. Bxc7 Qxc7 25. Rxe6 Nb8 26. Rge4 Rd7 27. Nh4
Qh2 28. Nf5 Rgd8 29. Rh4 Qc7 30. Kg1 a5 31. Rhe4 Kb7 32. g3 Ka7 33. Kh2 Na6 34.
Qa4 Nb8 35. a3 Kb7 36. Qd1 Na6 37. Qg4 Rf7 38. Re7 Rd7 39. Re8 b5 40. c5 b4 41.
axb4 Ka7 42. Nd6 Rxd6 43. cxd6 Qxd6 44. bxa5 f5 45. Qf3 Qc7 46. R4e5 Qd7 47.
Qb3 Qb7 48. Qxf7 Qxf7 49. R5e7+ Qxe7 50. Rxe7+ Kb8 51. Rxg7 Nb4 52. Rg8+ 1-0

[Event "Copa Latinoamericana de Ajedrez 2011"]
[Site "Montevideo URU"]
[Date "2011.11.05"]
[Round "7.56"]
[White "Barra De Oliveira, Francemir"]
[Black "Sanguinetti, Luis"]
[Result "0-1"]
[WhiteElo "1806"]
[BlackElo "2138"]
[PlyCount "20"]
[EventDate "2011.11.01"]
[EventType "swiss"]
[EventRounds "9"]
[EventCountry "URU"]
[Source "lmi"]
[SourceDate "2011.11.01"]

1. e4 e6 2. d4 c5 3. Be3 cxd4 4. Bxd4 Nc6 5. Be3 Nf6 6. Nd2 d5 7. f3 e5 8. h3
Be7 9. Bb5 Qa5 10. Bd3 Nh5 0-1

[Event "Copa Latinoamericana de Ajedrez 2011"]
[Site "Montevideo URU"]
[Date "2011.11.05"]
[Round "7.57"]
[White "Restuccia, Francisco"]
[Black "Davila, Mario"]
[Result "1/2-1/2"]
[WhiteElo "2136"]
[BlackElo "1896"]
[PlyCount "36"]
[EventDate "2011.11.01"]
[EventType "swiss"]
[EventRounds "9"]
[EventCountry "URU"]
[Source "lmi"]
[SourceDate "2011.11.01"]

1. e4 e5 2. Nf3 Nc6 3. Bc4 Bc5 4. b4 Bxb4 5. c3 Be7 6. d4 d6 7. dxe5 Nxe5 8.
Nxe5 dxe5 9. Qb3 Qd6 10. Bxf7+ Kf8 11. O-O Qf6 12. Bc4 Qb6 13. Qd1 Be6 14. Be3
Qc6 15. Bd5 Bxd5 16. exd5 Qc4 17. Qh5 Nf6 18. Qxe5 Bd6 1/2-1/2

[Event "Copa Latinoamericana de Ajedrez 2011"]
[Site "Montevideo URU"]
[Date "2011.11.05"]
[Round "7.58"]
[White "Pesuto, Ivan"]
[Black "Luzuriaga, Norberto"]
[Result "1-0"]
[WhiteElo "2129"]
[BlackElo "1836"]
[PlyCount "91"]
[EventDate "2011.11.01"]
[EventType "swiss"]
[EventRounds "9"]
[EventCountry "URU"]
[Source "lmi"]
[SourceDate "2011.11.01"]

1. c4 Nf6 2. d4 e6 3. Nf3 d5 4. cxd5 exd5 5. Nc3 c6 6. Bg5 Be7 7. Qc2 Nbd7 8.
e3 h6 9. Bh4 O-O 10. Bd3 Re8 11. O-O Ne4 12. Bxe7 Qxe7 13. Rab1 Nd6 14. Rbe1
Ne4 15. Rb1 Nd6 16. Nd2 Nf6 17. Rbe1 Nfe4 18. f3 Nxd2 19. Qxd2 Qf6 20. Bb1 Nc4
21. Qf2 Bd7 22. Na4 b6 23. Nc3 Nd6 24. b3 Re7 25. Qd2 Ree8 26. e4 dxe4 27. fxe4
Qd8 28. Qf4 Qe7 29. a4 Nb7 30. e5 Be6 31. Qe4 g6 32. Qxc6 Rac8 33. Qf3 Qb4 34.
Ne2 Qxb3 35. Qxb7 Bd5 36. Qd7 Qe3+ 37. Kh1 Be6 38. Qb7 Rcd8 39. Nf4 Qb3 40.
Nxe6 Qxe6 41. Qe4 Qc4 42. d5 Qc3 43. e6 f5 44. Qe5 Qc4 45. Qf6 Rxe6 46. Qxe6+
1-0

[Event "Copa Latinoamericana de Ajedrez 2011"]
[Site "Montevideo URU"]
[Date "2011.11.05"]
[Round "7.59"]
[White "Michailov, Matias"]
[Black "Hiriart, Guillermo"]
[Result "1-0"]
[WhiteElo "2117"]
[BlackElo "2019"]
[PlyCount "87"]
[EventDate "2011.11.01"]
[EventType "swiss"]
[EventRounds "9"]
[EventCountry "URU"]
[Source "lmi"]
[SourceDate "2011.11.01"]

1. d4 d6 2. c4 g6 3. Nc3 Bg7 4. Nf3 Nd7 5. g3 e5 6. Bg2 Ne7 7. O-O O-O 8. e4 h6
9. dxe5 Nxe5 10. Nxe5 dxe5 11. b3 c6 12. Ba3 Qc7 13. Bd6 Qd8 14. Rc1 Re8 15.
Qd2 g5 16. Rfe1 Ng6 17. Qe2 Qf6 18. c5 g4 19. Rf1 h5 20. Nd1 b6 21. f3 a5 22.
fxg4 Qg5 23. Qf2 f6 24. Ne3 hxg4 25. cxb6 Re6 26. Nf5 Bb7 27. Rfd1 Rae8 28. Bf1
c5 29. Bxc5 Bxe4 30. Nxg7 Kxg7 31. Rd7+ Ne7 32. Be3 Qg6 33. Rcc7 Bc6 34. Rd1
Kh8 35. Bg2 e4 36. Rc1 Bb5 37. b7 Ba6 38. Qd2 Rb8 39. Qd7 Qf5 40. R1c5 Re5 41.
Rxe5 Qxe5 42. Qxe7 Qa1+ 43. Rc1 Qb2 44. Bxe4 1-0

[Event "Copa Latinoamericana de Ajedrez 2011"]
[Site "Montevideo URU"]
[Date "2011.11.05"]
[Round "7.60"]
[White "Visillac, Alejandro"]
[Black "Daneri, Martin"]
[Result "0-1"]
[WhiteElo "1775"]
[BlackElo "2110"]
[PlyCount "78"]
[EventDate "2011.11.01"]
[EventType "swiss"]
[EventRounds "9"]
[EventCountry "URU"]
[Source "lmi"]
[SourceDate "2011.11.01"]

1. e4 e6 2. d4 d5 3. Nc3 Bb4 4. e5 Ne7 5. a3 Bxc3+ 6. bxc3 b6 7. Nf3 Ba6 8. Bd3
Bxd3 9. cxd3 c5 10. dxc5 bxc5 11. d4 O-O 12. O-O Nd7 13. Rb1 Qc7 14. Bg5 Nc6
15. Qd3 h6 16. Bd2 Na5 17. h3 Nc4 18. Rb3 Ncxe5 19. Nxe5 Nxe5 20. Qg3 cxd4 21.
cxd4 Qc2 22. Bb4 Nc4 23. Bxf8 Rxf8 24. Rc3 Qb2 25. Qd3 Rb8 26. Re1 a5 27. Re2
Qa1+ 28. Kh2 Rb1 29. Rec2 Rh1+ 30. Kg3 Rd1 31. Qf3 Rxd4 32. Rb3 f5 33. Qh5 Re4
34. Kh2 Kh7 35. Rcc3 Re1 36. Rc2 Rh1+ 37. Kg3 Qe5+ 38. Kh4 Qf4+ 39. g4 g5+ 0-1

[Event "Copa Latinoamericana de Ajedrez 2011"]
[Site "Montevideo URU"]
[Date "2011.11.05"]
[Round "7.61"]
[White "Chavez Riofrio, Elias Enrique"]
[Black "Idiarte Borda, Jorge"]
[Result "1-0"]
[WhiteElo "2009"]
[BlackElo "2097"]
[PlyCount "51"]
[EventDate "2011.11.01"]
[EventType "swiss"]
[EventRounds "9"]
[EventCountry "URU"]
[Source "lmi"]
[SourceDate "2011.11.01"]

1. e4 e6 2. d3 c5 3. f4 Nc6 4. Nf3 d6 5. g3 g6 6. Bg2 Bg7 7. c3 Nge7 8. O-O O-O
9. Be3 b5 10. d4 cxd4 11. Nxd4 Nxd4 12. Bxd4 Bb7 13. Bxg7 Kxg7 14. Qd4+ Kg8 15.
Rd1 Nc8 16. Na3 a6 17. Rd2 Qc7 18. Qf6 Ra7 19. h4 Re8 20. Nc2 h5 21. Rad1 Qc4
22. Kh2 e5 23. fxe5 Rxe5 24. Rxd6 Nxd6 25. Qxe5 Bxe4 26. Rxd6 1-0

[Event "Copa Latinoamericana de Ajedrez 2011"]
[Site "Montevideo URU"]
[Date "2011.11.05"]
[Round "7.62"]
[White "Schuh, Astor Jose"]
[Black "Caitano, Pablo"]
[Result "1-0"]
[WhiteElo "2094"]
[BlackElo "1991"]
[PlyCount "93"]
[EventDate "2011.11.01"]
[EventType "swiss"]
[EventRounds "9"]
[EventCountry "URU"]
[Source "lmi"]
[SourceDate "2011.11.01"]

1. e4 c5 2. Nf3 d6 3. Bc4 Nf6 4. Nc3 Nc6 5. d4 cxd4 6. Nxd4 Bd7 7. O-O a6 8. a4
e6 9. Be3 Be7 10. Nxc6 Bxc6 11. f3 O-O 12. a5 d5 13. exd5 Nxd5 14. Nxd5 Bxd5
15. Bb6 Qd6 16. Bxd5 Qxd5 17. Qxd5 exd5 18. Rfd1 Rac8 19. c3 Bc5+ 20. Bxc5 Rxc5
21. Ra4 Re8 22. Kf2 Kf8 23. Rd3 Ke7 24. Re3+ Kd7 25. Rxe8 Kxe8 26. Rb4 Rc7 27.
Ke3 Kd8 28. Kd4 Rd7 29. Kc5 Re7 30. Kxd5 Re2 31. Rxb7 Rxg2 32. b4 Rxh2 33. Rxf7
g5 34. Rf6 Rh3 35. c4 h5 36. Kd6 Kc8 37. Kc6 Kd8 38. Kb6 Rh4 39. b5 axb5 40.
cxb5 Ra4 41. a6 g4 42. fxg4 hxg4 43. Kb7 Ke7 44. Rf1 Rd4 45. a7 Rd7+ 46. Ka6
Rd8 47. b6 1-0

[Event "Copa Latinoamericana de Ajedrez 2011"]
[Site "Montevideo URU"]
[Date "2011.11.05"]
[Round "7.63"]
[White "Lopez, Aldi"]
[Black "Arean, Martin"]
[Result "0-1"]
[WhiteElo "2076"]
[BlackElo "2066"]
[PlyCount "70"]
[EventDate "2011.11.01"]
[EventType "swiss"]
[EventRounds "9"]
[EventCountry "URU"]
[Source "lmi"]
[SourceDate "2011.11.01"]

1. Nf3 Nf6 2. d4 e6 3. Bg5 Be7 4. c4 b6 5. Nc3 Bb7 6. e3 Ne4 7. Nxe4 Bxe4 8.
Nd2 Bb7 9. Bxe7 Qxe7 10. Qg4 f5 11. Qh5+ Qf7 12. Qxf7+ Kxf7 13. c5 Nc6 14. Nc4
Rhd8 15. cxb6 axb6 16. a3 d6 17. Rc1 e5 18. dxe5 dxe5 19. Nd2 Rac8 20. Bb5 Ne7
21. Nf3 Kf6 22. Bc4 h6 23. h4 f4 24. Ke2 Nf5 25. Rh3 Rd6 26. Nh2 h5 27. Nf3
Rcd8 28. Re1 fxe3 29. fxe3 e4 30. Nh2 Rd2+ 31. Kf1 Rxb2 32. Be2 Rdd2 33. g4
Rxe2 34. Rxe2 Ba6 35. gxf5 Rxe2 0-1

[Event "Copa Latinoamericana de Ajedrez 2011"]
[Site "Montevideo URU"]
[Date "2011.11.05"]
[Round "7.64"]
[White "Izquierdo, Sebastian"]
[Black "Iurk, Jonel Nazareno"]
[Result "1/2-1/2"]
[WhiteElo "2046"]
[BlackElo "2023"]
[PlyCount "103"]
[EventDate "2011.11.01"]
[EventType "swiss"]
[EventRounds "9"]
[EventCountry "URU"]
[Source "lmi"]
[SourceDate "2011.11.01"]

1. Nf3 d5 2. d4 c6 3. g3 Bf5 4. Bg2 e6 5. O-O Nf6 6. c4 Be7 7. Nc3 Nbd7 8. b3
Ne4 9. Bb2 O-O 10. Nxe4 Bxe4 11. Ne1 Bxg2 12. Kxg2 f5 13. f4 Nf6 14. Nd3 Ne4
15. e3 Qe8 16. a4 Bf6 17. Ba3 Rf7 18. Nf2 Nxf2 19. Kxf2 g5 20. Qh5 gxf4 21.
gxf4 Rg7 22. Qxe8+ Rxe8 23. Rg1 Rxg1 24. Rxg1+ Kf7 25. Bc5 a6 26. Ba3 Rg8 27.
Rb1 Ke8 28. c5 Bh4+ 29. Kf3 Kd7 30. b4 Bd8 31. Bb2 b6 32. Bc3 Kc8 33. b5 axb5
34. axb5 cxb5 35. cxb6 Bxb6 36. Rxb5 Kc7 37. Ba5 Bxa5 38. Rxa5 Kb6 39. Rc5 Rg6
40. Rc2 Kb5 41. Rc7 Rh6 42. Kg3 Kb4 43. Re7 Kb5 44. Rb7+ Kc6 45. Ra7 Kd6 46.
Ra1 Ke7 47. Rh1 Rg6+ 48. Kf3 Rg4 49. h4 Kf6 50. Rh3 Ke7 51. Ke2 Kd6 52. h5
1/2-1/2

[Event "Copa Latinoamericana de Ajedrez 2011"]
[Site "Montevideo URU"]
[Date "2011.11.05"]
[Round "7.65"]
[White "Cordero, Renzo"]
[Black "Ulaneo, Matias"]
[Result "0-1"]
[WhiteElo "1978"]
[BlackElo "2036"]
[PlyCount "94"]
[EventDate "2011.11.01"]
[EventType "swiss"]
[EventRounds "9"]
[EventCountry "URU"]
[Source "lmi"]
[SourceDate "2011.11.01"]

1. Nf3 Nf6 2. d4 b6 3. e3 Bb7 4. b3 e6 5. Bb2 Be7 6. Bd3 Ne4 7. O-O O-O 8. Nbd2
f5 9. c4 Qe8 10. Rc1 d6 11. Qc2 Qg6 12. d5 exd5 13. cxd5 Nxd2 14. Qxd2 Bxd5 15.
Be2 c6 16. Bc4 Bxc4 17. Rxc4 Kh8 18. Rd1 d5 19. Ne5 Qe6 20. Rcc1 Bf6 21. Nf3
Nd7 22. Bxf6 Qxf6 23. Nd4 Rac8 24. Rc2 a6 25. Rdc1 c5 26. Qd3 b5 27. Ne2 Qd6
28. Nf4 Nb6 29. Rd1 Rcd8 30. Rcd2 Qc6 31. Qc3 c4 32. Rd4 Rfe8 33. Qc2 Re5 34.
Nd3 Re4 35. Nb4 Qb7 36. Rxe4 fxe4 37. Qxe4 a5 38. Nc2 Rc8 39. Qf5 c3 40. b4
axb4 41. Nxb4 Qa8 42. Qd3 Qa4 43. Nxd5 Nxd5 44. Qxd5 h6 45. Qb3 c2 46. Rc1 Qxb3
47. axb3 Rd8 0-1

[Event "Copa Latinoamericana de Ajedrez 2011"]
[Site "Montevideo URU"]
[Date "2011.11.05"]
[Round "7.66"]
[White "Cicero, Carlos"]
[Black "Muzzi, Eduardo"]
[Result "1/2-1/2"]
[WhiteElo "1937"]
[BlackElo "2019"]
[PlyCount "38"]
[EventDate "2011.11.01"]
[EventType "swiss"]
[EventRounds "9"]
[EventCountry "URU"]
[Source "lmi"]
[SourceDate "2011.11.01"]

1. e4 e6 2. d4 d5 3. Nd2 dxe4 4. Nxe4 Nd7 5. Nf3 Ngf6 6. Nxf6+ Nxf6 7. Bd3 Be7
8. O-O O-O 9. Bg5 h6 10. Bh4 c5 11. dxc5 Bxc5 12. Qe2 Be7 13. Rad1 Qb6 14. c3
Bd7 15. Ne5 Bc6 16. Nxc6 bxc6 17. Rd2 Rad8 18. Rfd1 Kh8 19. Bxf6 Bxf6 1/2-1/2

[Event "Copa Latinoamericana de Ajedrez 2011"]
[Site "Montevideo URU"]
[Date "2011.11.05"]
[Round "7.67"]
[White "Bertucci, Santiago"]
[Black "Sanduay, Nicolas"]
[Result "1/2-1/2"]
[WhiteElo "1817"]
[BlackElo "2016"]
[PlyCount "35"]
[EventDate "2011.11.01"]
[EventType "swiss"]
[EventRounds "9"]
[EventCountry "URU"]
[Source "lmi"]
[SourceDate "2011.11.01"]

1. e4 e6 2. d4 c5 3. Nf3 cxd4 4. Nxd4 a6 5. c4 Nf6 6. Nc3 Qc7 7. Nc2 Be7 8. Be2
d6 9. O-O b6 10. Be3 Bb7 11. f3 Nbd7 12. Qd2 Rc8 13. Rfc1 O-O 14. Bf1 Qb8 15.
Qf2 Bd8 16. Rab1 Bc7 17. g3 Qa8 18. b4 1/2-1/2

[Event "Copa Latinoamericana de Ajedrez 2011"]
[Site "Montevideo URU"]
[Date "2011.11.05"]
[Round "7.68"]
[White "Chamlian, Aram"]
[Black "Vaz, Leonardo"]
[Result "0-1"]
[WhiteElo "1758"]
[BlackElo "2014"]
[PlyCount "74"]
[EventDate "2011.11.01"]
[EventType "swiss"]
[EventRounds "9"]
[EventCountry "URU"]
[Source "lmi"]
[SourceDate "2011.11.01"]

1. Nf3 d5 2. g3 g6 3. Bg2 Bg7 4. O-O e5 5. d3 c6 6. e4 d4 7. Nh4 Bf6 8. Nf3 Be6
9. Nfd2 Qd7 10. f4 h5 11. fxe5 Bxe5 12. Nf3 Bg7 13. Ng5 Nf6 14. Bf4 O-O 15. h3
c5 16. Nd2 Nc6 17. Nxe6 Qxe6 18. Nc4 Nd7 19. Qd2 Nde5 20. Nxe5 Nxe5 21. Bh6 Kh7
22. Bxg7 Kxg7 23. Rf2 Rac8 24. b3 b5 25. Raf1 f6 26. a4 bxa4 27. bxa4 Qa6 28.
a5 Rb8 29. Ra1 Rb2 30. Rff1 Rfb8 31. Rfc1 c4 32. dxc4 Qxc4 33. Qd1 d3 34. cxd3
Qd4+ 35. Kh1 Rxg2 36. Kxg2 Rb2+ 37. Kh1 Qf2 0-1

[Event "Copa Latinoamericana de Ajedrez 2011"]
[Site "Montevideo URU"]
[Date "2011.11.05"]
[Round "7.69"]
[White "Hernandez Riera, Jose"]
[Black "Blanchard, Marcel"]
[Result "1/2-1/2"]
[WhiteElo "2225"]
[BlackElo "1840"]
[PlyCount "111"]
[EventDate "2011.11.01"]
[EventType "swiss"]
[EventRounds "9"]
[EventCountry "URU"]
[Source "lmi"]
[SourceDate "2011.11.01"]

1. d4 d5 2. c4 e6 3. Nf3 c6 4. e3 Nf6 5. Nbd2 Nbd7 6. b3 Bb4 7. Bd3 Ne4 8. O-O
f5 9. Bb2 O-O 10. a3 Nxd2 11. Nxd2 Be7 12. Qc2 Nf6 13. b4 Bd7 14. Rac1 Qe8 15.
Nf3 Qh5 16. Be2 Qh6 17. Ne5 Bd6 18. f4 Bxe5 19. dxe5 Ng4 20. Bxg4 fxg4 21. Qd2
Qg6 22. Bd4 h5 23. Bc5 Rfc8 24. f5 exf5 25. cxd5 cxd5 26. Qxd5+ Qe6 27. Qd3 a6
28. Rfd1 Ba4 29. Qd6 Re8 30. Qxe6+ Rxe6 31. Rf1 Rxe5 32. Bd4 Re7 33. Rxf5 g6
34. Rf6 Kh7 35. Rcf1 Bb3 36. Bc5 Rd7 37. Bd4 Rdd8 38. Rb1 Bd5 39. a4 Rdc8 40.
Bc5 Rc6 41. Rbf1 Rxf6 42. Rxf6 Bb3 43. Bd4 Rc8 44. Bc5 Rd8 45. Bd4 Rc8 46. Bc5
Rd8 47. e4 h4 48. Bd6 Rc8 49. Bc5 Rd8 50. Bd6 Rc8 51. e5 Rc1+ 52. Kf2 Rc2+ 53.
Ke3 Rxg2 54. e6 Bc4 55. e7 g3 56. hxg3 1/2-1/2

[Event "Copa Latinoamericana de Ajedrez 2011"]
[Site "Montevideo URU"]
[Date "2011.11.05"]
[Round "7.70"]
[White "De Mello, Rodrigo"]
[Black "Magaldi, Nelson"]
[Result "1/2-1/2"]
[WhiteElo "1832"]
[BlackElo "2123"]
[PlyCount "77"]
[EventDate "2011.11.01"]
[EventType "swiss"]
[EventRounds "9"]
[EventCountry "URU"]
[Source "lmi"]
[SourceDate "2011.11.01"]

1. d4 d5 2. Nf3 Nf6 3. Bf4 e6 4. e3 Nbd7 5. Be2 Be7 6. Nbd2 c5 7. c3 O-O 8. Qc2
b6 9. h3 Bb7 10. O-O Ne4 11. Nxe4 dxe4 12. Ne5 Nxe5 13. dxe5 Qc8 14. Rfd1 Bc6
15. Rd2 Qb7 16. a4 a6 17. Rad1 b5 18. axb5 axb5 19. Qb3 c4 20. Bxc4 g5 21. Bg3
h5 22. Be2 h4 23. Bh2 Rfd8 24. Rxd8+ Rxd8 25. g3 hxg3 26. Bxg3 Rxd1+ 27. Qxd1
Qd7 28. Qxd7 Bxd7 29. Kf1 Bc6 30. Ke1 Kf8 31. Kd2 Ke8 32. Bh5 Kf8 33. Kc2 Kg7
34. Be2 Kf8 35. b3 Ke8 36. Bh5 Kf8 37. c4 b4 38. Kd2 Kg7 39. Ke2 1/2-1/2

[Event "Copa Latinoamericana de Ajedrez 2011"]
[Site "Montevideo URU"]
[Date "2011.11.05"]
[Round "7.71"]
[White "Belistri, Ubaldo"]
[Black "D'Andrea, Leonardo"]
[Result "1-0"]
[WhiteElo "2051"]
[BlackElo "2125"]
[PlyCount "77"]
[EventDate "2011.11.01"]
[EventType "swiss"]
[EventRounds "9"]
[EventCountry "URU"]
[Source "lmi"]
[SourceDate "2011.11.01"]

1. d4 Nf6 2. Nc3 d5 3. Bg5 Nbd7 4. Nf3 c6 5. e3 Qa5 6. Nd2 g6 7. Bd3 Bg7 8. f4
O-O 9. O-O c5 10. Nb3 Qc7 11. Bxf6 Nxf6 12. Nxc5 b6 13. Nb3 Bg4 14. Qe1 Rad8
15. Rc1 e6 16. h3 Bf5 17. g4 Be4 18. Bxe4 dxe4 19. g5 Nd5 20. Nxe4 Qc4 21. Ned2
Qc8 22. Rf3 a5 23. c3 a4 24. Na1 b5 25. e4 Ne7 26. Nc2 Qd7 27. Rd1 Nc6 28. Kg2
b4 29. a3 b3 30. Ne3 Bxd4 31. cxd4 Nxd4 32. Rf2 Nc2 33. Qe2 Qd4 34. Ndf1 Qxe4+
35. Kg3 Nd4 36. Rxd4 Rxd4 37. Ng4 Qh1 38. Rh2 Qg1+ 39. Rg2 1-0

[Event "Copa Latinoamericana de Ajedrez 2011"]
[Site "Montevideo URU"]
[Date "2011.11.05"]
[Round "7.72"]
[White "Rodriguez, Sergio"]
[Black "Cucchi, Nicolas"]
[Result "0-1"]
[WhiteElo "2009"]
[BlackElo "2002"]
[PlyCount "100"]
[EventDate "2011.11.01"]
[EventType "swiss"]
[EventRounds "9"]
[EventCountry "URU"]
[Source "lmi"]
[SourceDate "2011.11.01"]

1. e4 c5 2. Nc3 Nc6 3. g3 g6 4. Bg2 Bg7 5. Nge2 e5 6. d3 Nge7 7. O-O O-O 8. Be3
d6 9. h3 Be6 10. f4 Nd4 11. g4 f5 12. gxf5 gxf5 13. fxe5 dxe5 14. Bg5 f4 15.
Nxd4 Qxd4+ 16. Kh2 Qd7 17. Nd5 Nxd5 18. exd5 Bxd5 19. Be4 Qc6 20. Qf3 Bxe4 21.
dxe4 Rf7 22. Rad1 Rd7 23. Rxd7 Qxd7 24. Rd1 Qe6 25. Rd5 b6 26. Qb3 Qf7 27. Qf3
Kh8 28. Qg4 Rg8 29. Rd8 Rxd8 30. Bxd8 Qg6 31. Qf3 Qd6 32. Qd3 Bf8 33. Bh4 Qxd3
34. cxd3 Kg7 35. a4 Kf7 36. Bd8 Bd6 37. a5 bxa5 38. Bxa5 Ke6 39. Kg2 Kd7 40.
Kf3 h5 41. Bc3 Kc6 42. Ke2 Kb5 43. b3 Bc7 44. Kf3 a5 45. Ke2 a4 46. bxa4+ Kxa4
47. Be1 Kb3 48. Kd1 Bd6 49. Bf2 Kc3 50. Ke2 Be7 0-1

[Event "Copa Latinoamericana de Ajedrez 2011"]
[Site "Montevideo URU"]
[Date "2011.11.05"]
[Round "7.73"]
[White "Fernandez, Antonio"]
[Black "Martinez Alcantara, Jose Eduardo"]
[Result "0-1"]
[WhiteElo "1973"]
[BlackElo "1995"]
[PlyCount "120"]
[EventDate "2011.11.01"]
[EventType "swiss"]
[EventRounds "9"]
[EventCountry "URU"]
[Source "lmi"]
[SourceDate "2011.11.01"]

1. e4 c5 2. Nf3 d6 3. d4 cxd4 4. Nxd4 Nf6 5. Nc3 Nc6 6. Be3 g6 7. f3 Bg7 8. Qd2
O-O 9. g4 Bxg4 10. fxg4 Nxg4 11. Bg1 Nxd4 12. Bxd4 e5 13. Be3 f5 14. Bc4+ Kh8
15. Bg5 Qb6 16. O-O-O fxe4 17. Nxe4 h6 18. Be7 Rf4 19. Bd5 Nf2 20. Nxf2 Rxf2
21. Qd3 Rc8 22. Bb3 e4 23. Qxe4 Rfxc2+ 24. Qxc2 Rxc2+ 25. Kxc2 Qc7+ 26. Kb1
Qxe7 27. Rhe1 Be5 28. Rd2 Qf6 29. Rc2 h5 30. Rc8+ Kh7 31. Rc7+ Kh6 32. Bg8 Qf5+
33. Rc2 Bxh2 34. Be6 Qa5 35. Rf1 Be5 36. a3 Qb5 37. Bc4 Qe8 38. Rg2 h4 39. Bf7
Qb5 40. Rxg6+ Kh7 41. Rf2 Qd3+ 42. Ka2 Qxg6 43. Bxg6+ Kxg6 44. Kb3 h3 45. Rf3
h2 46. Rh3 Kg5 47. Kc4 Kg4 48. Rh7 Kf3 49. b4 Kg2 50. b5 h1=Q 51. Rxh1 Kxh1 52.
a4 Kg2 53. a5 Kf3 54. Kd5 Kf4 55. Ke6 Ke4 56. Kd7 a6 57. b6 d5 58. Kc8 Bc3 59.
Kxb7 Bxa5 60. Kxa6 Bxb6 0-1

[Event "Copa Latinoamericana de Ajedrez 2011"]
[Site "Montevideo URU"]
[Date "2011.11.05"]
[Round "7.74"]
[White "Romaniello, Enrique"]
[Black "Ibañez, Rodrigo"]
[Result "0-1"]
[WhiteElo "1880"]
[BlackElo "1978"]
[PlyCount "52"]
[EventDate "2011.11.01"]
[EventType "swiss"]
[EventRounds "9"]
[EventCountry "URU"]
[Source "lmi"]
[SourceDate "2011.11.01"]

1. d4 d5 2. c4 e6 3. Nc3 Nf6 4. Bg5 Nbd7 5. cxd5 exd5 6. e3 c6 7. Nf3 Be7 8.
Bd3 O-O 9. O-O Ne4 10. Bxe7 Qxe7 11. Qc2 f5 12. Rab1 Rf6 13. b4 a6 14. a4 Rh6
15. Ne2 Qe8 16. Qc1 g5 17. Bxe4 fxe4 18. Nxg5 Qh5 19. Nh3 Qxe2 20. f3 Nf6 21.
Rf2 Qc4 22. Qe1 Bxh3 23. gxh3 Rxh3 24. fxe4 Nxe4 25. Rg2+ Kh8 26. Rc1 Qd3 0-1

[Event "Copa Latinoamericana de Ajedrez 2011"]
[Site "Montevideo URU"]
[Date "2011.11.05"]
[Round "7.75"]
[White "Hernandez, Rafael"]
[Black "Ledesma, Sebastian"]
[Result "1/2-1/2"]
[WhiteElo "1827"]
[BlackElo "1908"]
[PlyCount "79"]
[EventDate "2011.11.01"]
[EventType "swiss"]
[EventRounds "9"]
[EventCountry "URU"]
[Source "lmi"]
[SourceDate "2011.11.01"]

1. d4 d5 2. Nf3 Nf6 3. Bg5 Ne4 4. Bh4 c6 5. Nbd2 Bf5 6. e3 Qb6 7. Nb3 e6 8. Bd3
Bb4+ 9. Kf1 Nd7 10. a3 Bd6 11. Bg3 Bxg3 12. hxg3 a5 13. Rb1 h6 14. Nh2 Ndf6 15.
Nd2 O-O 16. Nxe4 dxe4 17. Be2 c5 18. g4 Bg6 19. g5 hxg5 20. Ng4 cxd4 21. Nxf6+
gxf6 22. Qxd4 Qxd4 23. exd4 Rfd8 24. c3 f5 25. Bh5 Kg7 26. Ke2 f4 27. Bxg6 Kxg6
28. Rh3 Rh8 29. Rbh1 Rxh3 30. Rxh3 b5 31. g3 fxg3 32. fxg3 f5 33. Ke3 b4 34.
axb4 axb4 35. c4 Ra1 36. Rh2 Rc1 37. c5 Kf6 38. Rh6+ Kf7 39. Rh7+ Kf6 40. Rh6+
1/2-1/2

[Event "Copa Latinoamericana de Ajedrez 2011"]
[Site "Montevideo URU"]
[Date "2011.11.05"]
[Round "7.76"]
[White "Meruvia Meruvia, Juan"]
[Black "Nuñez, Hiber"]
[Result "1-0"]
[WhiteElo "1905"]
[BlackElo "1865"]
[PlyCount "45"]
[EventDate "2011.11.01"]
[EventType "swiss"]
[EventRounds "9"]
[EventCountry "URU"]
[Source "lmi"]
[SourceDate "2011.11.01"]

1. d4 Nf6 2. Bg5 g6 3. Nf3 Bg7 4. e3 d6 5. h3 O-O 6. Bd3 Nbd7 7. O-O c6 8. c3
Qc7 9. Bf4 Nh5 10. Bh2 e5 11. Nbd2 b5 12. a4 bxa4 13. Rxa4 Re8 14. Qc2 f5 15.
Qb3+ d5 16. e4 Nb6 17. Rb4 Nf4 18. Bxf4 exf4 19. exd5 cxd5 20. Ra1 Bb7 21. c4
Bc6 22. c5 Nd7 23. Bb5 1-0

[Event "Copa Latinoamericana de Ajedrez 2011"]
[Site "Montevideo URU"]
[Date "2011.11.05"]
[Round "7.77"]
[White "Manzanares, Richard"]
[Black "Ottonelo Gandarias, Marcos"]
[Result "1-0"]
[WhiteElo "1897"]
[BlackElo "1749"]
[PlyCount "35"]
[EventDate "2011.11.01"]
[EventType "swiss"]
[EventRounds "9"]
[EventCountry "URU"]
[Source "lmi"]
[SourceDate "2011.11.01"]

1. d4 d5 2. Nf3 Nf6 3. Bf4 Bf5 4. e3 h6 5. Bd3 Bxd3 6. Qxd3 c6 7. Nbd2 e6 8.
O-O-O Bd6 9. Ne5 Nbd7 10. Nxf7 Kxf7 11. Bxd6 Re8 12. g4 e5 13. dxe5 Nxg4 14.
Qf5+ Ngf6 15. exf6 Nxf6 16. Ba3 b5 17. Rhg1 Qc7 18. Qg6+ 1-0

[Event "Copa Latinoamericana de Ajedrez 2011"]
[Site "Montevideo URU"]
[Date "2011.11.05"]
[Round "7.80"]
[White "Bidigaray, Marcio"]
[Black "Iduate, Guillermo"]
[Result "0-1"]
[WhiteElo "1707"]
[BlackElo "1870"]
[PlyCount "50"]
[EventDate "2011.11.01"]
[EventType "swiss"]
[EventRounds "9"]
[EventCountry "URU"]
[Source "lmi"]
[SourceDate "2011.11.01"]

1. e4 c5 2. Nf3 Nc6 3. d4 cxd4 4. Nxd4 Qb6 5. c3 Nf6 6. f3 e6 7. Nb5 d5 8. Bf4
e5 9. exd5 exf4 10. dxc6 bxc6 11. Qe2+ Be6 12. Nd4 Be7 13. Nxe6 fxe6 14. Qxe6
Qxb2 15. Qxc6+ Kf7 16. Bc4+ Kg6 17. Bd3+ Kh6 18. O-O Qxa1 19. Qe6 Bc5+ 20. Kh1
Rhe8 21. Qh3+ Nh5 22. g4 fxg3 23. hxg3 Re5 24. f4 Re3 25. Qf5 Nxg3+ 0-1